000 00377nam a2200157Ia 4500
008 160316s1987 xxu||||| |||| 00| 0 eng d
082 _a301.000000
_bJAY-1
100 _aJayaram N
245 _aIntroductory sociology
250 _a
260 _aBangalore
_bMacmillan Publishing Co.
_c1987
300 _a203p
_b
_c
365 _bRs.130
650 _a1.Sociology
700 _a
_a
999 _c4349
_d4349